00842nam a2200217 a 450000100090000000800410000901000150005002000380006502000350010305000140013810000170015224500980016925000130026726000460028030000240032635000100035050001360036065000460049665000540054265000280059616617632170322s2012 ||||||||||||||||| || u a2011001360 a9781416054511 (pbk. : alk. paper) a1416054510 (pbk. : alk. paper) aQP 35 Hal aHall, John E10aPocket companion to Guyton and Hall textbook of medical physiology. (12th ed.)cJohn E. Hall. a12th ed. aPhiladelphia, PAbElsevier Saundersc2012 axvii, 718 p.: ill.  a40.95 aCompanion volume to: Guyton and Hall textbook of medical physiology. 12th ed. c2011. Includes bibliographical references and index. 0aHUMAN PHYSIOLOGY--HANDBOOKS, MANUALS, ETC 0aPHYSIOLOGY, PATHOLOGICAL--HANDBOOKS, MANUALS, ETC 3aPHYSIOLOGICAL PHENOMENA